Nhập môn quan hệ quốc tế

Kaydedildi:
Detaylı Bibliyografya
Yazar: Hoàng Khắc Nam
Materyal Türü: Kitap
Dil:Vietnamese
Baskı/Yayın Bilgisi: 2010
Konular:
Etiketler: Etiketle
Etiket eklenmemiş, İlk siz ekleyin!
Thư viện lưu trữ: Mạng thư viện Đại học Đà Nẵng
LEADER 00804nam a22003011a 4500
001 000036101
003 12393
005 20160325000000.0
008 160325s2010 000 vie
041 |a vie 
082 |a 303.48  |b HO-N 
100 |a Hoàng Khắc Nam 
245 |a Nhập môn quan hệ quốc tế  |c Hoàng Khắc Nam 
260 |c 2010 
300 |a 134tr . : mh ; 30cm 
650 |a Nhập môn quan hệ quốc tế, quan hệ quốc tế 
852 |b Chuyên đề  |c Giáo trình 
OWN |a LNN 
999 |a From the UDN01 
TYP |a Monograph 
TYP |a Printed language 
980 |a Mạng thư viện Đại học Đà Nẵng